000 00279nam a22000977a 4500
100 _aजिब्रान,खलील
_974185
245 _aमसीहा
260 _aफरीदाबाद
_bनॉलेज बैंक
_c2018
650 _aकहानी
942 _cHIN
999 _c64336
_d64336